[Event "Hamar op A"]
[Site "Hamar"]
[Date "2018.10.04"]
[Round "3"]
[White "Brobakken, Jorgen"]
[Black "Torp, Elliot Sveum"]
[Result "1-0"]
[WhiteElo "1541"]
[BlackElo "1458"]
[PlyCount "61"]
[EventDate "2018.09.06"]
[EventType "swiss"]
[EventRounds "7"]
[EventCountry "NOR"]
[SourceTitle "EXT 2024"]
[Source "ChessBase"]
[SourceDate "2023.10.10"]
[SourceVersion "1"]
[SourceVersionDate "2023.10.10"]
[SourceQuality "1"]

1. d4 d5 2. f4 Nf6 3. e3 g6 4. Bd3 Bg7 5. Nf3 0-0 6. Nbd2 Nbd7 7. 0-0 c5 8. c3 cxd4 9. exd4 Nb6 10. Ne5 Nfd7 11. Qe1 Nxe5 12. fxe5 e6 13. Nf3 f6 14. Qg3 Qc7 15. Bf4 g5 16. Qh3 h6 17. Bd2 f5 18. Bxg5 hxg5 19. Nxg5 Bxe5 20. dxe5 Qg7 21. Rf3 Qh8 22. Qg3 Qg7 23. Qf4 Re8 24. Rg3 Qh8 25. Nxe6+ Kf7 26. Rg7+ Qxg7 27. Nxg7 Kxg7 28. Qg5+ Kf7 29. Be2 Ke6 30. Qf6+ Kd7 31. Qd6# 1-0

[Event "Hamar Ridabu School-ch C"]
[Site "Hamar"]
[Date "2016.04.07"]
[Round "7"]
[White "Torp, Elliot Sveum"]
[Black "Teum, Erlend"]
[Result "1/2-1/2"]
[WhiteElo "984"]
[BlackElo "960"]
[PlyCount "68"]
[EventDate "2016.01.07"]
[EventType "swiss"]
[EventRounds "9"]
[EventCountry "NOR"]
[SourceTitle "EXT 2024"]
[Source "ChessBase"]
[SourceDate "2023.10.10"]
[SourceVersion "1"]
[SourceVersionDate "2023.10.10"]
[SourceQuality "1"]

1. e4 c6 2. d4 Nf6 3. Nc3 d5 4. e5 Nfd7 5. Bd3 Nb6 6. Nge2 Bg4 7. 0-0 e6 8. Qd2 c5 9. Qf4 Bxe2 10. Nxe2 c4 11. Bf5 exf5 12. Qxf5 Qd7 13. Qg5 h6 14. Qh4 Be7 15. Qg3 0-0 16. Bxh6 g6 17. Bxf8 Bxf8 18. h4 Qf5 19. Rac1 Bh6 20. f4 Nc6 21. Qf3 Qe4 22. Qxe4 dxe4 23. g3 Nd5 24. Kf2 f5 25. exf6 Nxf6 26. Rfe1 Rd8 27. c3 Ne7 28. Kg2 Ng4 29. Ng1 e3 30. Kf3 Nf2 31. Rxe3 Nd3 32. Rc2 Nf5 33. Re6 Kf7 34. Re4 Nd6 1/2-1/2

[Event "Hamar op C"]
[Site "Hamar"]
[Date "2015.11.19"]
[Round "6"]
[White "Brobakken, Jorgen"]
[Black "Torp, Elliot Sveum"]
[Result "1-0"]
[WhiteElo "1180"]
[BlackElo "945"]
[PlyCount "105"]
[EventDate "2015.09.03"]
[EventType "swiss"]
[EventRounds "7"]
[EventCountry "NOR"]
[SourceTitle "EXT 2024"]
[Source "ChessBase"]
[SourceDate "2023.10.10"]
[SourceVersion "1"]
[SourceVersionDate "2023.10.10"]
[SourceQuality "1"]

1. d4 d5 2. f4 Nf6 3. e3 Bf5 4. Bd3 Qd7 5. Nf3 Nc6 6. c3 0-0-0 7. Qc2 Re8 8. Bxf5 e6 9. Bd3 Bd6 10. Nbd2 Ng4 11. Nb3 f5 12. h3 Nf6 13. Ne5 Bxe5 14. fxe5 Nh5 15. Nc5 Qe7 16. Qb3 b6 17. Qa4 bxc5 18. Qxc6 c4 19. Bc2 Kd8 20. Qa8+ Kd7 21. Ba4+ c6 22. Qxa7+ Kd8 23. Qa8+ Kc7 24. Qxc6+ Kb8 25. Qb6+ Kc8 26. Qa6+ Kd8 27. Bxe8 Rxe8 28. Qa8+ Kc7 29. Qa7+ Kd8 30. Qxe7+ Rxe7 31. Kf2 g5 32. g4 Ng7 33. b3 cxb3 34. axb3 Rb7 35. Ra8+ Ke7 36. b4 Ne8 37. Bd2 Kd7 38. Rha1 fxg4 39. hxg4 Rc7 40. R1a7 Rxa7 41. Rxa7+ Kc6 42. Rxh7 Nc7 43. Rg7 Nb5 44. Rxg5 Kd7 45. Rh5 Ke8 46. Rh7 Kd8 47. g5 Nc7 48. g6 Ne8 49. g7 Kc8 50. g8Q Kd8 51. Qf7 Nf6 52. Qe7+ Kc8 53. Qc7# 1-0

[Event "Hamar op C"]
[Site "Hamar"]
[Date "2015.11.12"]
[Round "5"]
[White "Torp, Elliot Sveum"]
[Black "Opseth, Oliver"]
[Result "1-0"]
[WhiteElo "945"]
[BlackElo "1137"]
[PlyCount "113"]
[EventDate "2015.09.03"]
[EventType "swiss"]
[EventRounds "7"]
[EventCountry "NOR"]
[SourceTitle "EXT 2024"]
[Source "ChessBase"]
[SourceDate "2023.10.10"]
[SourceVersion "1"]
[SourceVersionDate "2023.10.10"]
[SourceQuality "1"]

1. e4 e5 2. Nf3 Nc6 3. Bc4 Bc5 4. 0-0 d6 5. c3 Bg4 6. h3 Bh5 7. g4 Bg6 8. d4 exd4 9. cxd4 Bb6 10. d5 Ne5 11. Bb5+ Nd7 12. Bg5 f6 13. Bh4 Qe7 14. Nc3 0-0-0 15. Re1 Bf7 16. b4 g5 17. Bg3 h5 18. a4 a6 19. a5 Ba7 20. Bd3 hxg4 21. hxg4 Bg6 22. Kg2 Nh6 23. Nh2 Ne5 24. b5 Qh7 25. bxa6 Nhxg4 26. axb7+ Kd7 27. Rh1 f5 28. Nxg4 Qxh1+ 29. Qxh1 Rxh1 30. Nxe5+ dxe5 31. Rxh1 f4 32. Bh2 Rb8 33. Ba6 Bd4 34. Rc1 Bxc3 35. Rxc3 Bxe4+ 36. f3 Bxd5 37. Bb5+ c6 38. Rd3 Ke6 39. Ba6 e4 40. Rc3 exf3+ 41. Kf2 Ke5 42. Bc4 Bxc4 43. Rxc4 Rxb7 44. Rc2 Ke4 45. a6 Rb6 46. Ra2 Rb8 47. a7 Ra8 48. Ke1 c5 49. Bg1 g4 50. Ra4+ Kd3 51. Bxc5 Re8+ 52. Kf1 g3 53. Rxf4 g2+ 54. Kf2 Rg8 55. Kxf3 Kc3 56. Rg4 Rf8+ 57. Bxf8 1-0

[Event "Hamar op C"]
[Site "Hamar"]
[Date "2015.10.01"]
[Round "3"]
[White "Torp, Elliot Sveum"]
[Black "Nordby, Espen"]
[Result "1-0"]
[WhiteElo "945"]
[BlackElo "694"]
[PlyCount "29"]
[EventDate "2015.09.03"]
[EventType "swiss"]
[EventRounds "7"]
[EventCountry "NOR"]
[SourceTitle "EXT 2024"]
[Source "ChessBase"]
[SourceDate "2023.10.10"]
[SourceVersion "1"]
[SourceVersionDate "2023.10.10"]
[SourceQuality "1"]

1. e4 e5 2. Nf3 Nc6 3. Nc3 Nf6 4. Bc4 Bc5 5. Ng5 0-0 6. d3 b6 7. Nd5 Ng4 8. Qxg4 Nd4 9. 0-0 Ne2+ 10. Qxe2 h6 11. Qg4 hxg5 12. Bxg5 Qe8 13. Nf6+ gxf6 14. Bxf6+ Kh7 15. Qg7# 1-0

[Event "Hamar Ridabu School-ch"]
[Site "Hamar"]
[Date "2015.01.22"]
[Round "2"]
[White "Torp, Elliot Sveum"]
[Black "Reigstad, Erlend"]
[Result "0-1"]
[WhiteElo "768"]
[BlackElo "1090"]
[PlyCount "118"]
[EventDate "2015.01.08"]
[EventType "swiss"]
[EventRounds "9"]
[EventCountry "NOR"]
[SourceTitle "EXT 2024"]
[Source "ChessBase"]
[SourceDate "2023.10.10"]
[SourceVersion "1"]
[SourceVersionDate "2023.10.10"]
[SourceQuality "1"]

1. e4 e5 2. Nf3 Nc6 3. Nc3 Nf6 4. Bb5 a6 5. Bxc6 dxc6 6. Nxe5 Qd4 7. Nf3 Qb6 8. e5 Nd5 9. Nxd5 cxd5 10. d4 Qg6 11. g3 Bg4 12. h3 Qe4+ 13. Qe2 Bxf3 14. Qxe4 Bxe4 15. Rg1 Bxc2 16. Bd2 Ba4 17. Rc1 Bc6 18. Ba5 0-0-0 19. g4 g6 20. Rg3 h5 21. g5 h4 22. Rf3 Rh7 23. a4 b6 24. Rxc6 bxa5 25. Rxa6 Kb7 26. Raf6 Rd7 27. e6 Bb4+ 28. Kf1 fxe6 29. Rxe6 Rhe7 30. Rfe3 Rxe6 31. Rxe6 Rg7 32. Kg2 Bd2 33. Re5 c6 34. Kf3 Rf7+ 35. Ke2 Bf4 36. Re6 Rg7 37. Kf3 Bxg5 38. Kg4 Bd8 39. f4 g5 40. f5 Re7 41. Rg6 Re4+ 42. Kh5 Rf4 43. Rg7+ Kc8 44. Rxg5 Bxg5 45. Kxg5 Rxd4 46. f6 Kd8 47. f7 Ke7 48. Kg6 Kf8 49. Kg5 Kxf7 50. b3 Rb4 51. Kh5 Rxb3 52. Kxh4 Rb4+ 53. Kg5 Rxa4 54. h4 Rxh4 55. Kxh4 a4 56. Kg3 a3 57. Kf4 a2 58. Ke5 a1Q+ 59. Kf5 Qd4 0-1

[Event "Hamar CC-ch"]
[Site "Hamar"]
[Date "2014.03.06"]
[Round "5"]
[White "Eriksen, Leander"]
[Black "Torp, Elliot Sveum"]
[Result "1/2-1/2"]
[WhiteElo "769"]
[BlackElo "645"]
[PlyCount "68"]
[EventDate "2014.01.09"]
[EventType "swiss"]
[EventRounds "9"]
[EventCountry "NOR"]
[SourceTitle "EXT 2024"]
[Source "ChessBase"]
[SourceDate "2023.10.10"]
[SourceVersion "1"]
[SourceVersionDate "2023.10.10"]
[SourceQuality "1"]

1. e4 e5 2. Nf3 Nc6 3. d4 f6 4. d5 Nb4 5. a3 Na6 6. Nc3 d6 7. Bb5+ Bd7 8. Qe2 Nc5 9. b4 Bxb5 10. Qxb5+ Nd7 11. Qxb7 Qb8 12. Qxb8+ Rxb8 13. Be3 c5 14. dxc6 Nb6 15. Nb5 Ne7 16. Nxa7 Nec8 17. c7 Rb7 18. Nxc8 Nxc8 19. a4 d5 20. b5 Bb4+ 21. Nd2 dxe4 22. b6 Bxd2+ 23. Bxd2 Rxb6 24. Ba5 Ra6 25. Rd1 Rd6 26. Rb1 0-0 27. Bb4 Rb6 28. 0-0 Rf7 29. a5 Rb5 30. c4 Rb7 31. a6 Ra7 32. Rfd1 Rfxc7 33. Rd8+ Kf7 34. Rf8+ Kg6 1/2-1/2

[Event "Hamar CC-ch B"]
[Site "Hamar"]
[Date "2012.03.01"]
[Round "5"]
[White "Torp, Elliot Sveum"]
[Black "Brobakken, Jorgen"]
[Result "0-1"]
[WhiteElo "630"]
[BlackElo "965"]
[PlyCount "118"]
[EventDate "2012.01.05"]
[EventType "swiss"]
[EventRounds "9"]
[EventCountry "NOR"]
[SourceTitle "EXT 2024"]
[Source "ChessBase"]
[SourceDate "2023.10.10"]
[SourceVersion "1"]
[SourceVersionDate "2023.10.10"]
[SourceQuality "1"]

1. e4 d6 2. Nc3 Nd7 3. f3 g6 4. g3 Bg7 5. Bh3 Ngf6 6. Nge2 0-0 7. 0-0 c6 8. d4 Re8 9. Be3 e5 10. dxe5 dxe5 11. Qd2 Nb6 12. Qxd8 Rxd8 13. Rfd1 Bxh3 14. Rxd8+ Rxd8 15. Re1 Ne8 16. g4 h5 17. gxh5 gxh5 18. f4 Nc4 19. Bxa7 Nxb2 20. Rb1 Ra8 21. Bc5 Nc4 22. fxe5 Nxe5 23. Rf1 Bxf1 24. Kxf1 Nd7 25. Bd4 Bxd4 26. Nxd4 Ra3 27. Nd1 Rxa2 28. c4 Nd6 29. e5 Nxe5 30. c5 Ne4 31. Ne2 Nxc5 32. h4 Ne4 33. Ndc3 Nxc3 34. Nxc3 Ra1+ 35. Ke2 b5 36. Ke3 Ra3 37. Kd2 b4 38. Nb1 Ra1 39. Kc1 f5 40. Kb2 f4 41. Kxa1 f3 42. Nd2 f2 43. Kb2 Nf3 44. Nf1 Kg7 45. Kb3 c5 46. Kc4 Nxh4 47. Ng3 Kg6 48. Nf1 Nf3 49. Ng3 h4 50. Nf1 h3 51. Ng3 h2 52. Kxc5 b3 53. Kd5 b2 54. Ke4 Ng5+ 55. Ke3 b1Q 56. Kxf2 Qc2+ 57. Kf1 Nh3 58. Nh1 Qd2 59. Ng3 Qf2# 0-1